00635nam a2200229Ia 4500008004100000020001700041050001700058050001400075100002600089245004400115245006000159260001500219260001700234260000900251300001600260300001100276300001200287500002000299650002800319650002900347650002900376160216s9999 xx 000 0 und d a007-124435-2 aMAIN HD 58.7 b.D45 2006 aDe Janasz, Suzanne C. aInterpersonal skills in organizations / cSuzanne C. De Janasz, Karen O. Dowd, Beth Z. Schneider. aNew York : bMcGraw-Hill. c2006 a394 pages ; bill. ; c28 cm.  aIncludes index. anterpersonal relations. aOrganizational behavior. aPsychology, Industrial.